000
00284nam a22001337a 4500
008
170210b xxu||||| |||| 00| 0 eng d
020
_a
9781416062189
041
_a
eng
080
_a
61
100
_a
4
101
_a
61
245
_a
PROCEDURE MANUAL CRITICAL
_c
LYNN
942
_2
udc
_c
BK
999
_c
5185
_d
5185